000 00467nam a2200169 a 4500
005 20140310183205.0
008 030304s19uu xx 00 eng d
050 _aPZ 7
_b.F458 1931
100 _aField, Rachel
245 _aCalico Bush /
_cField, Rachel
260 _aNew York, USA :
_bStratford Press Inc.,
_c1931.
300 _a213 p. :
_c20 cm.
650 _aIndentured servants
_xfiction.
650 _aOrphans
_xfiction.
942 _cBK
_2lcc
999 _c19984
_d19984